An introduction to Electronic Absorption Spectroscopy in Organic Chemistry (Record no. 2244)
[ view plain ]
| 000 -LEADER | |
|---|---|
| fixed length control field | 00249nam a22000977a 4500 |
| 050 ## - LIBRARY OF CONGRESS CALL NUMBER | |
| Classification Number | QD241 |
| Item Number | .G55 C.1 |
| 100 ## - MAIN ENTRY--Author | |
| Personal name | Gillam A.E. |
| 245 ## - TITLE | |
| Title | An introduction to Electronic Absorption Spectroscopy in Organic Chemistry |
| 300 ## - PHYSICAL DESCRIPTION | |
| Extent | ix,326p. |
| 942 ## - ADDED ENTRY ELEMENTS(KOHA) | |
| Koha item type | General circulation |
| Source of classification or shelving scheme | Not for loan | Location (home branch) | Sublocation (holding branch) | Date accessioned | Cost, normal purchase price | Full call number | Barcode | Cost, replacement price | Koha item type | Public note |
|---|---|---|---|---|---|---|---|---|---|---|
| Library of Congress Classification | Main Campus Library | Main Campus Library | 28/08/2014 | 892.62 | QD241 .G55 C.1 | 2019/021791 | 1392.62 | General circulation | kim |